000
00321nam a22001457a 4500
003
SGT
082
_a
610.73
_b
A14B
100
_a
BROOKER, CHRIS
245
_a
ALEXANDER'S NURSING PRACTICE
250
_a
4TH
260
_a
EDINBURGH
_b
CHURCHILL
_c
2014
300
_a
979
650
_a
NURSING PRACTICE
942
_2
ddc
_c
BK
999
_c
11143
_d
11143